| 000 | 00947nas a2200289 4500 | ||
|---|---|---|---|
| 001 | BR0800319 | ||
| 003 | BR-BrBNA | ||
| 005 | 20231205111537.0 | ||
| 007 | ta | ||
| 008 | 230509b bl.|||p| |||| 00| 00por d | ||
| 040 |
_aBR-BrBNA _bpor _cBiblioteca Nacional de Agricultura |
||
| 041 | _a(Pt) | ||
| 072 | _aL50 | ||
| 100 | 1 | _aSouza, P.C. de | |
| 100 | 1 | _aPaula, T.A.R. de | |
| 100 | 1 | _aNatali, A.J. | |
| 100 | 1 | _aMatta, S.L.P. da | |
| 100 | 1 | _aCosta, D.S. | |
| 100 | 1 | _aFonseca, C.C. | |
| 100 | 1 | _aSarti, P. | |
| 245 | 1 | _aEfeito do exercício crônico voluntário e do sedentarismo, com e sem o uso do esteróide anabólico nandrolona, sobre os componentes do parênquima testicular de ratos adultos | |
| 650 | _aRATO | ||
| 650 | _aANIMAL DE LABORATÓRIO | ||
| 773 | 0 |
_tRevista Ceres (Brazil) _xISSN 0034-737X _g(Mar-Apr 2005), v. 52(300) p. 305-316 _wBR0800319 |
|
| 909 |
_a202311 _bLúcia _c55 _dLúcia Elande |
||
| 942 |
_2AGRIS _n0 _cANA |
||
| 999 |
_c193252 _d193252 |
||